000 00804nam a22002177a 4500
005 20240530110930.0
008 220221s2005 ua c g b 000 0 ara d
017 _bمصر. دار الكتب
040 _aEG-CaGPL
_cEG-CaGPL
082 0 4 _221
_a414.5 /
_bز ك
100 0 _aزكريا محمد المنياوى
245 1 0 _aكتاب مناهل الصفا فى مديح المصطفى صلى الله عليه وسلم /
_cزكريا محمد المنياوى
260 _aالقاهرة :
_bمكتبة ومطبعة محمد على صبيح ،
_cد ت
300 _a86 ص؛
_c20 سم
650 0 7 _aالمدح
_2qrmak
650 0 7 _aاناشيد الصوفية
_2qrmak
650 0 7 _aالادعية
_2qrmak
651 _2qrmak
942 _2ddc
_cBK
999 _c66643
_d66643